[Event "FIDE World Blitz 2014"]
[Site "Dubai UAE"]
[Date "2014.06.19"]
[Round "4.14"]
[White "Van Wely, Loek"]
[Black "Tkachiev, Vladislav"]
[Result "1-0"]
[WhiteTitle "GM"]
[BlackTitle "GM"]
[WhiteElo "2654"]
[BlackElo "2625"]
[WhiteFideId "1000268"]
[BlackFideId "618438"]
[EventDate "2014.06.19"]

1. d4 Nf6 2. c4 e6 3. Nf3 b6 4. g3 Bb4+ 5. Bd2 Be7 6. Nc3 Bb7 7. Bg2 c6 8. e4 d5
9. exd5 cxd5 10. Ne5 O-O 11. O-O Nc6 12. Bf4 Na5 13. Bg5 Rc8 14. Bxf6 Bxf6 15.
cxd5 Bxd5 16. Nxd5 exd5 17. Re1 Qd6 18. Qa4 Nc4 19. Qxa7 Nxe5 20. dxe5 Bxe5 21.
Rad1 Bxb2 22. Bxd5 Qf6 23. Re7 g6 24. Rd3 Rc2 25. Rf3 Qd4 26. Rexf7 1-0

[Event "FIDE World Blitz 2014"]
[Site "Dubai UAE"]
[Date "2014.06.19"]
[Round "4.16"]
[White "Tomashevsky, Evgeny"]
[Black "Cheparinov, Ivan"]
[Result "1/2-1/2"]
[WhiteTitle "GM"]
[BlackTitle "GM"]
[WhiteElo "2695"]
[BlackElo "2682"]
[WhiteFideId "4147235"]
[BlackFideId "2905540"]
[EventDate "2014.06.19"]

1. Nf3 Nf6 2. c4 g6 3. Nc3 Bg7 4. d4 d6 5. Bf4 O-O 6. e3 b6 7. Be2 Bb7 8. O-O
Ne4 9. Nxe4 Bxe4 10. Bd3 Bxd3 11. Qxd3 c5 12. Rad1 Nd7 13. b3 a6 14. a4 Qc7 15.
h3 Qb7 16. Nd2 cxd4 17. exd4 b5 18. axb5 axb5 19. Rfe1 bxc4 20. bxc4 Rfe8 21.
Ne4 Nf6 22. Nxf6+ Bxf6 23. c5 dxc5 24. dxc5 Qc6 25. Be3 Rec8 26. Rb1 Rd8 27. Qc4
Rac8 28. Rec1 Kg7 29. Rb6 Qd5 30. c6 Qxc4 31. Rxc4 Be5 32. g3 h5 33. Kg2 Rd6 34.
Kf3 Re6 35. Ra6 Rf6+ 36. Ke2 Re6 37. g4 hxg4 38. hxg4 Rd6 39. Ra5 Re6 40. Kf3 f6
41. Ra6 Kf7 42. Ke2 g5 43. Kd3 Rd6+ 44. Kc2 Ke6 45. Rb6 Kd5 46. Rc5+ Ke6 47. Kb3
Rc7 48. Kc4 Kf7 49. Kb5 Ke6 50. Rb7 Rc8 51. Kb6 Rd1 52. c7 Rb1+ 53. Kc6 Rxb7 54.
Kxb7 Rxc7+ 55. Rxc7 Bxc7 56. Kxc7 Ke5 57. Kd7 e6 58. Ke7 f5 59. Bxg5 fxg4 60.
Bh4 Kf5 61. Kd6 e5 62. Kd5 e4 63. Kd4 Kf4 64. Bg3+ Kf3 65. Bh4 Kf4 66. Bd8 Kf3
67. Bh4 Kf4 68. Bg3+ Kf3 69. Bh4 1/2-1/2

[Event "FIDE World Blitz 2014"]
[Site "Dubai UAE"]
[Date "2014.06.19"]
[Round "4.17"]
[White "Efimenko, Zahar"]
[Black "Fedoseev, Vladimir3"]
[Result "0-1"]
[WhiteTitle "GM"]
[BlackTitle "GM"]
[WhiteElo "2648"]
[BlackElo "2662"]
[WhiteFideId "14107201"]
[BlackFideId "24130737"]
[EventDate "2014.06.19"]

1. Nf3 d5 2. g3 Nc6 3. d4 Bg4 4. Bg2 Qd7 5. c4 e6 6. O-O Nf6 7. Nc3 Bxf3 8. Bxf3
dxc4 9. e3 Nd5 10. Qe2 Nb6 11. Bd2 Be7 12. Rfd1 O-O 13. Rac1 Rab8 14. Ne4 Rfd8
15. Nc5 Qe8 16. Bc3 e5 17. Qc2 exd4 18. exd4 Nd5 19. Qf5 g6 20. Qe4 Nxc3 21.
Rxc3 Bxc5 22. Qxe8+ Rxe8 23. dxc5 Ne5 24. Be2 Rbd8 25. Rxd8 Rxd8 26. f4 Rd2 27.
Kf1 Nc6 28. Bxc4 Rxb2 29. Rd3 Na5 30. Rd8+ Kg7 31. Bd5 c6 32. Bf3 Rxa2 33. Rd7
Rc2 34. Bg4 Kf6 35. Rd6+ Ke7 36. Rd7+ Ke8 37. Rc7 Rxc5 38. h4 Rd5 39. h5 gxh5
40. Bf3 Rc5 41. Be4 h6 42. Ke2 Rc3 43. f5 Nc4 44. Kf2 Rb3 45. f6 Nd6 46. Re7+
Kd8 47. Bh7 Rb5 48. Ke2 a5 49. Bd3 Rd5 50. Re3 a4 51. Bc2 b5 52. Rc3 Nc4 53. Be4
Re5 54. Kd3 Kc7 55. Kd4 Re6 56. Rf3 Rxe4+ 0-1

[Event "FIDE World Blitz 2014"]
[Site "Dubai UAE"]
[Date "2014.06.19"]
[Round "4.19"]
[White "Georgiev, Kiril"]
[Black "Fressinet, Laurent"]
[Result "0-1"]
[WhiteTitle "GM"]
[BlackTitle "GM"]
[WhiteElo "2644"]
[BlackElo "2717"]
[WhiteFideId "2900017"]
[BlackFideId "608742"]
[EventDate "2014.06.19"]

1. d4 Nf6 2. c4 e6 3. Nc3 Bb4 4. Qc2 Nc6 5. Nf3 d6 6. Bg5 h6 7. Bd2 O-O 8. a3
Bxc3 9. Bxc3 Qe7 10. e3 e5 11. Be2 a5 12. b3 e4 13. Nd2 Bf5 14. O-O d5 15. b4
axb4 16. axb4 Nxb4 17. Qb2 Rxa1 18. Rxa1 Nd3 19. Bxd3 exd3 20. Bb4 Qd8 21. Bxf8
Qxf8 22. Qxb7 Kh7 23. cxd5 Qe7 24. Rc1 Ne4 25. Qb2 Qg5 26. Nf3 Qf6 27. Rxc7 Bg4
28. Rc6 Qf5 29. Rc3 d2 30. Rd3 Bxf3 31. gxf3 Qg6+ 0-1

[Event "FIDE World Blitz 2014"]
[Site "Dubai UAE"]
[Date "2014.06.19"]
[Round "4.20"]
[White "Volokitin, Andrei"]
[Black "Caruana, Fabiano"]
[Result "1-0"]
[WhiteTitle "GM"]
[BlackTitle "GM"]
[WhiteElo "2638"]
[BlackElo "2791"]
[WhiteFideId "14107090"]
[BlackFideId "2020009"]
[EventDate "2014.06.19"]

1. e4 e6 2. d4 d5 3. e5 c5 4. c3 Nc6 5. Nf3 Qb6 6. Na3 Nh6 7. Nc2 cxd4 8. cxd4
Nf5 9. Bd3 Be7 10. O-O Bd7 11. g4 Nh6 12. h3 O-O-O 13. Rb1 Kb8 14. b4 Ng8 15.
Bd2 h5 16. b5 Na5 17. Qe1 Qc7 18. Bxa5 b6 19. Nb4 Ka8 20. Na6 Qb7 21. Bb4 hxg4
22. hxg4 Bc8 23. Rc1 Qd7 24. Rc7 Qe8 25. Rxe7 1-0

[Event "FIDE World Blitz 2014"]
[Site "Dubai UAE"]
[Date "2014.06.19"]
[Round "4.21"]
[White "Savchenko, Boris"]
[Black "Bartel, Mateusz"]
[Result "0-1"]
[WhiteTitle "GM"]
[BlackTitle "GM"]
[WhiteElo "2581"]
[BlackElo "2641"]
[WhiteFideId "4147332"]
[BlackFideId "1112635"]
[EventDate "2014.06.19"]

1. e4 e6 2. d4 d5 3. Nc3 Bb4 4. e5 c5 5. a3 Bxc3+ 6. bxc3 Qa5 7. Bd2 Ne7 8. c4
Qc7 9. cxd5 exd5 10. c3 Nbc6 11. Be3 Nf5 12. Nf3 Nxe3 13. fxe3 c4 14. e4 Be6 15.
Ng5 O-O 16. Qc2 Qe7 17. h4 g6 18. Be2 Rad8 19. O-O dxe4 20. Rf6 Bd5 21. Raf1
Nxe5 22. dxe5 Qxe5 23. Nh3 Be6 24. Ng5 Bf5 25. Rxf7 Rxf7 26. Nxf7 Kxf7 27. g4
Qg3+ 28. Kh1 Qh3+ 29. Kg1 Rd3 30. Bxd3 Qxg4+ 31. Qg2 Qxg2+ 32. Kxg2 exd3 33. Kf2
Ke6 34. Ke3 Kd5 35. Rb1 Kc6 36. a4 b6 37. Rb5 a6 38. Re5 Kd6 39. Re8 Bd7 40. Ra8
a5 41. Ra6 Kc6 42. Ra7 h5 43. Ra8 Kc7 44. Rg8 Bxa4 45. Rxg6 Bd1 46. Rf6 Bg4 47.
Rf4 b5 48. Rf7+ Kb6 49. Rf6+ Kc5 50. Ra6 a4 51. Ra5 Kb6 52. Ra8 Bd1 53. Rb8+ Kc6
54. Ra8 Kb7 55. Ra5 Kb6 56. Ra8 Bg4 57. Rb8+ Kc6 58. Ra8 Kb7 59. Rf8 a3 60. Rf1
Kb6 61. Ra1 b4 62. cxb4 Kb5 63. Kd2 Kxb4 64. Rb1+ Ka4 65. Kc3 a2 66. Ra1 Ka3 67.
Re1 Be2 68. Rg1 Bg4 69. Re1 d2 70. Kxd2 Kb2 0-1

[Event "FIDE World Blitz 2014"]
[Site "Dubai UAE"]
[Date "2014.06.19"]
[Round "4.24"]
[White "Karjakin, Sergey"]
[Black "Lenic, Luka"]
[Result "0-1"]
[WhiteTitle "GM"]
[BlackTitle "GM"]
[WhiteElo "2771"]
[BlackElo "2659"]
[WhiteFideId "14109603"]
[BlackFideId "14603853"]
[EventDate "2014.06.19"]

1. e4 e5 2. Nf3 Nc6 3. Bb5 a6 4. Ba4 g6 5. h4 h6 6. c3 d6 7. d4 Bd7 8. d5 Nce7
9. c4 Nf6 10. Nc3 Bg7 11. Bc2 Bg4 12. Qd3 O-O 13. Ng1 c6 14. f3 Bd7 15. Nge2 b5
16. b3 b4 17. Nd1 cxd5 18. cxd5 Bb5 19. Qd2 Nh5 20. Bd3 Bxd3 21. Qxd3 f5 22. Bb2
a5 23. Ne3 a4 24. Nc4 fxe4 25. fxe4 a3 26. Bc1 Nf4 27. Bxf4 exf4 28. O-O-O Nc8
29. e5 dxe5 30. Qxg6 Rf6 31. Qe4 Nd6 32. Nxd6 Rxd6 33. Kb1 Ra5 34. Qxb4 Raxd5
35. Rxd5 Rxd5 36. Qxa3 e4 37. Rc1 Rd2 38. Nxf4 Rb2+ 39. Qxb2 Bxb2 40. Kxb2 Qd2+
41. Rc2 Qxf4 42. Kc3 Qe3+ 43. Kc4 Qd3+ 0-1

[Event "FIDE World Blitz 2014"]
[Site "Dubai UAE"]
[Date "2014.06.19"]
[Round "4.25"]
[White "Andriasian, Zaven"]
[Black "Aronian, Levon"]
[Result "1/2-1/2"]
[WhiteTitle "GM"]
[BlackTitle "GM"]
[WhiteElo "2611"]
[BlackElo "2815"]
[WhiteFideId "13302000"]
[BlackFideId "13300474"]
[EventDate "2014.06.19"]

1. e4 g6 2. d4 Bg7 3. Nc3 c6 4. f4 d5 5. e5 Nh6 6. Nf3 Bg4 7. Be3 Qb6 8. Rb1 f6
9. h3 Bxf3 10. Qxf3 fxe5 11. fxe5 Nf5 12. Bd3 O-O 13. Bxf5 Rxf5 14. Qe2 Na6 15.
g4 Rf7 16. Rf1 Raf8 17. Rxf7 Rxf7 18. a3 Nc7 19. b4 a5 20. b5 Ne6 21. bxc6 Qxc6
22. Kd2 Bxe5 23. Qb5 Bxd4 24. Bxd4 Nxd4 25. Qxd5 Nf3+ 26. Kd3 Qa6+ 27. Ke3 Qa7+
28. Kd3 e6 29. Qd8+ Kg7 30. Ne4 Ne5+ 31. Kd2 Nc4+ 32. Kd3 Nxa3 33. Rb6 Nb5 34.
Rxb5 b6 35. Qd4+ Kg8 36. Ke2 Qc7 37. Nf6+ Rxf6 38. Qxf6 Qc4+ 39. Kd2 Qxb5 40.
Qxe6+ Kf8 41. Qf6+ Kg8 42. Qe6+ Kf8 43. Qf6+ Kg8 44. Qe6+ 1/2-1/2

[Event "FIDE World Blitz 2014"]
[Site "Dubai UAE"]
[Date "2014.06.19"]
[Round "4.27"]
[White "Goloshchapov, Alexander"]
[Black "Nguyen, Ngoc Truong Son"]
[Result "1/2-1/2"]
[WhiteTitle "GM"]
[BlackTitle "GM"]
[WhiteElo "2586"]
[BlackElo "2621"]
[WhiteFideId "14103222"]
[BlackFideId "12401110"]
[EventDate "2014.06.19"]

1. d4 d5 2. c4 c6 3. Nc3 Nf6 4. e3 e6 5. Nf3 Nbd7 6. Qc2 Bd6 7. Bd3 O-O 8. O-O
e5 9. cxd5 cxd5 10. e4 exd4 11. Nxd5 Nxd5 12. exd5 h6 13. Bh7+ Kh8 14. Bf5 Nb6
15. Rd1 Qf6 16. Nxd4 Be5 17. Bxc8 Raxc8 18. Qd3 Nxd5 19. Nf3 Nf4 20. Qe4 Bc7 21.
Bxf4 Qxf4 22. Qxb7 Bb6 23. Rd2 Rcd8 24. Rad1 Rxd2 25. Rxd2 Rb8 26. Qc6 Ba5 27.
Re2 Rb6 28. Re8+ Kh7 29. Qc2+ Rg6 30. Ne5 Bc7 31. Qxc7 Qe4 32. g3 Qe1+ 33. Kg2
Qe4+ 34. Kg1 Qe1+ 35. Kg2 Qe4+ 36. f3 Qe2+ 37. Kg1 Qe1+ 38. Kg2 Qe2+ 39. Kh3
Qf1+ 40. Kh4 Rf6 41. Qc2+ g6 42. Qc8 Rf4+ 43. gxf4 Qf2+ 44. Kh3 Qf1+ 45. Kg3
Qg1+ 46. Kh3 Qf1+ 47. Kg3 Qg1+ 48. Kh3 Qf1+ 49. Kg3 Qg1+ 50. Kh4 Qf2+ 51. Kh3
Qf1+ 52. Kg3 Qg1+ 53. Kh4 Qf2+ 54. Kh3 1/2-1/2

[Event "FIDE World Blitz 2014"]
[Site "Dubai UAE"]
[Date "2014.06.19"]
[Round "4.28"]
[White "Movsesian, Sergei"]
[Black "Jobava, Baadur"]
[Result "1-0"]
[WhiteTitle "GM"]
[BlackTitle "GM"]
[WhiteElo "2672"]
[BlackElo "2713"]
[WhiteFideId "310204"]
[BlackFideId "13601520"]
[EventDate "2014.06.19"]

1. e4 d6 2. d4 Nf6 3. Nc3 e5 4. Nf3 Nbd7 5. Bc4 Be7 6. O-O c6 7. a4 a5 8. Ba2
O-O 9. Re1 h6 10. h3 Qc7 11. Qe2 Nb8 12. dxe5 dxe5 13. Nh4 Na6 14. Ng6 Re8 15.
Be3 Nb4 16. Bb3 Bd6 17. Rad1 Be6 18. Bxe6 Rxe6 19. Nh4 Na6 20. Qc4 Bb4 21. Nf5
Bxc3 22. bxc3 Rd8 23. Rd3 h5 24. Rb1 Rxd3 25. cxd3 g6 26. Nh4 Nd7 27. Nf3 Re7
28. Ng5 Qd6 29. Rxb7 Nac5 30. Bxc5 Nxc5 31. Nxf7 1-0

[Event "FIDE World Blitz 2014"]
[Site "Dubai UAE"]
[Date "2014.06.19"]
[Round "4.29"]
[White "Durarbayli, Vasif"]
[Black "Riazantsev, Alexander"]
[Result "0-1"]
[WhiteTitle "GM"]
[BlackTitle "GM"]
[WhiteElo "2590"]
[BlackElo "2692"]
[WhiteFideId "13402935"]
[BlackFideId "4125029"]
[EventDate "2014.06.19"]

1. g3 d5 2. Bg2 c6 3. Nf3 Bf5 4. O-O e6 5. d3 Nf6 6. Nbd2 h6 7. b3 Be7 8. Bb2
O-O 9. Re1 Bh7 10. e4 a5 11. a3 Re8 12. Qe2 Qb6 13. Rab1 Qa6 14. c4 dxe4 15.
dxe4 Rd8 16. Rbd1 Nbd7 17. e5 Ne8 18. Ne4 Nc5 19. Nd4 Qb6 20. Nc3 Nxb3 21. Na4
Nxd4 22. Bxd4 Qb3 23. Nb6 c5 24. Qb2 a4 25. Qxb3 axb3 26. Nxa8 cxd4 27. Bxb7 Bc2
28. Rd2 Bxa3 29. Ree2 d3 30. Re3 Bb4 0-1

[Event "FIDE World Blitz 2014"]
[Site "Dubai UAE"]
[Date "2014.06.19"]
[Round "4.31"]
[White "Debashis, Das"]
[Black "Eljanov, Pavel"]
[Result "0-1"]
[WhiteTitle "GM"]
[BlackTitle "GM"]
[WhiteElo "2484"]
[BlackElo "2723"]
[WhiteFideId "5024854"]
[BlackFideId "14102951"]
[EventDate "2014.06.19"]

1. d4 Nf6 2. c4 e6 3. Nc3 Bb4 4. Nf3 b6 5. e3 Bb7 6. Bd3 O-O 7. O-O c5 8. Na4
cxd4 9. exd4 Re8 10. Bf4 Bf8 11. Nc3 d5 12. Re1 Nc6 13. Rc1 Nb4 14. Bf1 dxc4 15.
Bxc4 a6 16. Bg5 Be7 17. Ne5 Nfd5 18. Bxe7 Rxe7 19. a3 Nxc3 20. Rxc3 Nd5 21. Rg3
f6 22. Ng4 Kh8 23. Ne3 b5 24. Bxd5 Bxd5 25. Nxd5 Qxd5 26. Rc3 Rd8 27. Rc5 Qa2
28. Qe2 h6 29. h3 Rxd4 30. Rc8+ Kh7 31. Rc6 e5 32. Qc2+ e4 33. Rxa6 Qd5 34. Qc3
Rd3 35. Qc6 Qxc6 36. Rxc6 Rb3 37. Re2 f5 38. Rc3 Rxc3 39. bxc3 Rc7 40. Rb2 Rc5
41. Kf1 Kg6 42. Rb3 Kf6 43. Ke2 f4 44. Rb4 Ke5 45. Kd2 Rd5+ 46. Ke2 g5 47. a4
bxa4 48. Rxa4 h5 49. Rb4 Ra5 50. Rb8 Ra2+ 51. Ke1 e3 52. Re8+ Kf5 53. fxe3 Rxg2
54. exf4 Kxf4 55. Rh8 h4 56. Rf8+ 0-1

[Event "FIDE World Blitz 2014"]
[Site "Dubai UAE"]
[Date "2014.06.19"]
[Round "4.33"]
[White "Sandipan, Chanda"]
[Black "Amin, Bassem"]
[Result "0-1"]
[WhiteTitle "GM"]
[BlackTitle "GM"]
[WhiteElo "2594"]
[BlackElo "2635"]
[WhiteFideId "5004225"]
[BlackFideId "10601457"]
[EventDate "2014.06.19"]

1. d4 e6 2. Nf3 f5 3. g3 Nf6 4. Bg2 Be7 5. O-O O-O 6. c4 d6 7. Nc3 Qe8 8. Re1
Ne4 9. Qc2 Qg6 10. Be3 Bf6 11. Nxe4 fxe4 12. Nh4 Bxh4 13. Bxe4 Rf5 14. d5 e5 15.
c5 Na6 16. Rac1 Be7 17. cxd6 Bxd6 18. a3 Qf7 19. Bxf5 Bxf5 20. Qb3 b6 21. Qc4
Nc5 22. b4 Ne4 23. Qa6 Nf6 24. Red1 Bc8 25. Qd3 a5 26. Bg5 Bd7 27. Bxf6 Qxf6 28.
b5 Rf8 29. f3 Bf5 30. Qc3 e4 31. Qxf6 Rxf6 32. a4 exf3 33. exf3 Bg6 34. Kg2 Bh5
35. g4 Bf7 36. Rd3 Rf4 37. Ra1 g5 38. h3 Rc4 39. Rd2 Kg7 40. Kf2 Kf6 41. Kg2 Bf4
42. Rd3 Rc2+ 43. Kf1 Rh2 44. Re1 Rxh3 45. Re4 Rh1+ 46. Kg2 Rh2+ 47. Kg1 Rc2 48.
Rd1 Rc3 49. Kg2 Be5 50. Rh1 Bg6 51. Re2 Bf4 52. Re6+ Kf7 53. Rc6 Ra3 54. Re1
Ra2+ 55. Kg1 Rxa4 56. Rce6 Bd6 57. Rc1 Rb4 58. Kf2 Rxb5 59. Rd1 Rb2+ 60. Ke3 a4
61. Kd4 a3 62. Rde1 a2 63. Kc3 Rb1 0-1

[Event "FIDE World Blitz 2014"]
[Site "Dubai UAE"]
[Date "2014.06.19"]
[Round "4.34"]
[White "Mchedlishvili, Mikheil"]
[Black "Moradiabadi, Elshan"]
[Result "1/2-1/2"]
[WhiteTitle "GM"]
[BlackTitle "GM"]
[WhiteElo "2632"]
[BlackElo "2586"]
[WhiteFideId "13600966"]
[BlackFideId "12501255"]
[EventDate "2014.06.19"]

1. d4 e6 2. c4 Bb4+ 3. Nd2 Nc6 4. Nf3 Nf6 5. a3 Bxd2+ 6. Qxd2 O-O 7. e3 d6 8. b4
Qe7 9. Bb2 Ne4 10. Qc2 f5 11. Be2 b6 12. d5 Nd8 13. O-O e5 14. Ne1 a5 15. Nd3
Nf7 16. f3 Nf6 17. Nf2 Bd7 18. Rac1 axb4 19. axb4 Rfb8 20. Ra1 Qe8 21. e4 f4 22.
c5 bxc5 23. bxc5 Bb5 24. c6 Bxe2 25. Qxe2 g5 26. Bc3 Qc8 27. Rfb1 Rxa1 28. Rxa1
Rb3 29. Qc2 Qb8 30. h3 h5 31. Ra8 Qxa8 32. Qxb3 Nd8 33. Qb5 Ne8 34. Qa5 Qb8 35.
Qb4 Qa7 36. Kf1 Qa6+ 37. Ke1 Kf7 38. Qa5 Qc4 39. Qb4 Qa2 40. Qb2 Qa7 41. Kf1
Qa6+ 42. Qe2 Qa3 43. Qb2 Qa6+ 44. Qe2 Qa3 45. Be1 Qa4 46. Qd1 Qb5+ 47. Qd3 Qa4
48. Qc3 Qb5+ 49. Qd3 Qa4 1/2-1/2

[Event "FIDE World Blitz 2014"]
[Site "Dubai UAE"]
[Date "2014.06.19"]
[Round "4.36"]
[White "Nielsen, Peter Heine"]
[Black "Ghaem Maghami, Ehsan"]
[Result "1/2-1/2"]
[WhiteTitle "GM"]
[BlackTitle "GM"]
[WhiteElo "2654"]
[BlackElo "2582"]
[WhiteFideId "1400355"]
[BlackFideId "12500739"]
[EventDate "2014.06.19"]

1. d4 Nf6 2. c4 e6 3. Nf3 Bb4+ 4. Nbd2 O-O 5. a3 Bxd2+ 6. Qxd2 b6 7. e3 Ba6 8.
b3 d5 9. Bb2 c5 10. Be2 Nc6 11. cxd5 Bxe2 12. dxc6 Bxf3 13. gxf3 Qd5 14. Rg1
Qxf3 15. dxc5 bxc5 16. Qe2 Qf5 17. e4 Qf4 18. Qe3 Qxe3+ 19. fxe3 Kh8 20. Rc1
Rab8 21. Rxc5 Rxb3 22. Bxf6 gxf6 23. Kf2 Rc8 24. c7 Rb7 25. Rgc1 Kg8 26. Kf3 Kf8
27. a4 Ke7 28. a5 Kd6 29. Rh5 Rcxc7 30. Rd1+ Ke7 31. Rxh7 Rb5 32. a6 Ra5 33. Rg1
Rxa6 34. Rgg7 Kd6 35. Rxf7 Rxf7 36. Rxf7 Ra2 37. h4 a5 38. Rxf6 a4 39. Rf8 a3
40. Ra8 Ra1 41. h5 a2 42. Kg2 Re1 43. Rxa2 Rxe3 44. Ra4 Ke5 45. h6 Kf6 46. e5+
Kg6 47. Kf2 Rxe5 48. Rh4 Kh7 49. Kf3 1/2-1/2

[Event "FIDE World Blitz 2014"]
[Site "Dubai UAE"]
[Date "2014.06.19"]
[Round "4.37"]
[White "Anand, Viswanathan"]
[Black "Salem, A.R. Saleh"]
[Result "1-0"]
[WhiteTitle "GM"]
[BlackTitle "GM"]
[WhiteElo "2785"]
[BlackElo "2581"]
[WhiteFideId "5000017"]
[BlackFideId "9301348"]
[EventDate "2014.06.19"]

1. Nf3 d5 2. c4 d4 3. g3 Nc6 4. Bg2 e5 5. O-O Nf6 6. d3 h6 7. b4 Nxb4 8. Nxe5
Bd6 9. a3 Na6 10. Nf3 c5 11. e3 dxe3 12. fxe3 O-O 13. Nc3 Nb8 14. Bb2 Nc6 15.
Nd5 Be7 16. Nh4 Nh7 17. Nf5 Bxf5 18. Rxf5 Ng5 19. h4 Ne6 20. Qg4 g6 21. Raf1 Ng7
22. Rf6 h5 23. Qg5 Qd7 24. Qh6 1-0

[Event "FIDE World Blitz 2014"]
[Site "Dubai UAE"]
[Date "2014.06.19"]
[Round "4.38"]
[White "Safarli, Eltaj"]
[Black "Glek, Igor"]
[Result "1-0"]
[WhiteTitle "GM"]
[BlackTitle "GM"]
[WhiteElo "2649"]
[BlackElo "2438"]
[WhiteFideId "13402129"]
[BlackFideId "4100484"]
[EventDate "2014.06.19"]

1. e4 e5 2. Nc3 d6 3. g3 Nc6 4. Bg2 f5 5. Nge2 fxe4 6. Nxe4 d5 7. N4c3 Nf6 8. d4
Bb4 9. O-O exd4 10. Nxd4 Bxc3 11. bxc3 O-O 12. Bg5 h6 13. Bxf6 Rxf6 14. Rb1 Ne5
15. Qh5 Nf7 16. Bxd5 c6 17. Bg2 Nd6 18. Rfe1 Bd7 19. Rbd1 Qf8 20. f4 Rd8 21. Qa5
a6 22. Nf3 Bg4 23. Rd3 Bxf3 24. Bxf3 Re8 25. Re5 Rxe5 26. Qxe5 Nf7 27. Qc7 Qc5+
28. Kg2 Re6 29. Qc8+ 1-0

[Event "FIDE World Blitz 2014"]
[Site "Dubai UAE"]
[Date "2014.06.19"]
[Round "4.39"]
[White "Vahidov, Tair"]
[Black "Kryvoruchko, Yuriy"]
[Result "0-1"]
[WhiteTitle "GM"]
[BlackTitle "GM"]
[WhiteElo "2446"]
[BlackElo "2707"]
[WhiteFideId "14200155"]
[BlackFideId "14109182"]
[EventDate "2014.06.19"]

1. c4 e5 2. Nc3 Nc6 3. Nf3 Nf6 4. d4 exd4 5. Nxd4 Bb4 6. Bg5 h6 7. Bh4 d6 8. Rc1
g5 9. Bg3 Qe7 10. a3 Bxc3+ 11. Rxc3 Bd7 12. Nxc6 Bxc6 13. Re3 Be4 14. f3 O-O-O
15. Qd4 Rhe8 16. fxe4 c5 17. Qd3 Nxe4 18. Rxe4 Qxe4 19. Qxe4 Rxe4 20. Kd2 d5 21.
cxd5 Rxd5+ 22. Kc2 Rc4+ 23. Kb3 Rc1 24. h4 gxh4 25. Bf4 Ra1 26. g3 f5 27. e4
Rdd1 28. exf5 hxg3 29. f6 Rxf1 30. Rh4 Kd7 31. f7 Ke7 32. Bxg3 Rf3+ 0-1

[Event "FIDE World Blitz 2014"]
[Site "Dubai UAE"]
[Date "2014.06.19"]
[Round "4.41"]
[White "Shyam, Sundar M."]
[Black "Ganguly, Surya Shekhar"]
[Result "1-0"]
[WhiteTitle "GM"]
[BlackTitle "GM"]
[WhiteElo "2468"]
[BlackElo "2619"]
[WhiteFideId "5019141"]
[BlackFideId "5002150"]
[EventDate "2014.06.19"]

1. e4 c5 2. Nf3 e6 3. g3 Nc6 4. Bg2 Nf6 5. Qe2 d6 6. O-O Be7 7. c3 O-O 8. d4 d5
9. e5 Nd7 10. Rd1 b6 11. h4 a5 12. Ng5 Ba6 13. Qg4 Rc8 14. Na3 cxd4 15. cxd4 Nb4
16. Nh3 Kh8 17. Nf4 Nc2 18. Nxc2 Rxc2 19. Rb1 Qc7 20. Be3 Rc8 21. a3 Bf8 22. Bf3
Bb5 23. Re1 Ba4 24. Bd1 Qd8 25. b3 Bb5 26. a4 Ba6 27. Bxc2 Rxc2 28. Rec1 Qc8 29.
Rxc2 Qxc2 30. Qd1 Qxd1+ 31. Rxd1 Be7 32. Rc1 Bd8 33. f3 Kg8 34. Kf2 Kf8 35. Bd2
Ke8 36. b4 Bc4 37. b5 Be7 38. Ne2 Ba3 39. Ra1 Bb2 40. Rb1 Ba3 41. Nc1 f6 42. f4
Ke7 43. Ke3 h5 44. Nd3 Nf8 45. Ra1 Bxd3 46. Kxd3 Bb4 47. Bxb4+ axb4 48. a5 bxa5
49. Rxa5 Nd7 50. Ra7 fxe5 51. fxe5 Kd8 52. Kc2 Kc8 53. Kb3 g6 54. Kxb4 Nb6 55.
Kc5 Nd7+ 56. Kd6 Nb6 57. Kxe6 Nc4 58. Kxd5 Ne3+ 59. Kc6 Kb8 60. Rb7+ Ka8 61. e6
Nf5 62. Rd7 g5 63. e7 1-0

[Event "FIDE World Blitz 2014"]
[Site "Dubai UAE"]
[Date "2014.06.19"]
[Round "4.43"]
[White "Gundavaa, Bayarsaikhan"]
[Black "Al-Sayed, Mohammed"]
[Result "1-0"]
[WhiteTitle "GM"]
[BlackTitle "GM"]
[WhiteElo "2501"]
[BlackElo "2505"]
[WhiteFideId "4901045"]
[BlackFideId "12100196"]
[EventDate "2014.06.19"]

1. e4 d6 2. d4 Nf6 3. Nc3 e5 4. Nf3 Nbd7 5. Bc4 Be7 6. O-O O-O 7. Re1 c6 8. a4
a5 9. Ba2 Qb6 10. Rb1 exd4 11. Qxd4 Qb4 12. Bd2 Qxd4 13. Nxd4 Nc5 14. Rbd1 Re8
15. f3 Bf8 16. Bf4 Nh5 17. Be3 g6 18. Kf2 Bd7 19. Rd2 Bg7 20. Nde2 Be6 21. Bxe6
Rxe6 22. Red1 Bf8 23. Bxc5 dxc5 24. Rd7 Rb8 25. g4 Nf6 26. Nf4 Nxd7 27. Nxe6 Ne5
28. Nxf8 Kxf8 29. h3 Ke7 30. f4 Nc4 31. b3 Na3 32. Rd2 Rd8 33. Ke3 b5 34. e5 c4
35. Rxd8 Kxd8 36. Kd2 Kc7 37. f5 gxf5 38. gxf5 Kd7 39. Kc1 cxb3 40. cxb3 b4 41.
Ne4 Ke7 42. Nc5 h5 43. h4 Ke8 44. Kb2 Ke7 45. Nb7 Kf8 46. Nxa5 c5 47. Nc4 1-0

[Event "FIDE World Blitz 2014"]
[Site "Dubai UAE"]
[Date "2014.06.19"]
[Round "4.44"]
[White "Sriram, Jha"]
[Black "Adly, Ahmed"]
[Result "0-1"]
[WhiteTitle "GM"]
[BlackTitle "GM"]
[WhiteElo "2375"]
[BlackElo "2594"]
[WhiteFideId "5001668"]
[BlackFideId "10601619"]
[EventDate "2014.06.19"]

1. d4 Nf6 2. c4 c5 3. d5 b5 4. cxb5 a6 5. bxa6 d6 6. Nc3 g6 7. e4 Bg7 8. Bb5+
Nbd7 9. Qe2 O-O 10. Nf3 Qa5 11. Bd2 Bxa6 12. a4 Rfb8 13. O-O Ne8 14. Rfe1 Nc7
15. Ra3 Qb6 16. Rb3 Bxb5 17. axb5 Ra5 18. h4 Bxc3 19. bxc3 Rxb5 20. Rxb5 Qxb5
21. c4 Qb3 22. e5 Nb6 23. exd6 exd6 24. Qe7 Nca8 25. Bh6 g5 0-1

[Event "FIDE World Blitz 2014"]
[Site "Dubai UAE"]
[Date "2014.06.19"]
[Round "4.45"]
[White "Michalik, Peter"]
[Black "Othman, A. Moussa"]
[Result "1-0"]
[WhiteTitle "GM"]
[BlackTitle "FM"]
[WhiteElo "2557"]
[BlackElo "2275"]
[WhiteFideId "14907526"]
[BlackFideId "9300155"]
[EventDate "2014.06.19"]

1. Nf3 d5 2. g3 Nf6 3. Bg2 c5 4. O-O Nc6 5. d4 e6 6. c4 dxc4 7. Qa4 Bd7 8. dxc5
Na5 9. Qc2 Bxc5 10. Ne5 Qc7 11. Bf4 Bd6 12. Nxd7 Nxd7 13. Bxd6 Qxd6 14. Na3 Nb6
15. Qc3 Nc6 16. Qxg7 O-O-O 17. Qxf7 Rd7 18. Qh5 Nd4 19. Rac1 Rc7 20. e3 Rc5 21.
Qf7 Ne2+ 22. Kh1 Nxc1 23. Bxb7+ Kb8 24. Bg2 Rc7 25. Qf6 Rf8 26. Qh4 Nd3 27. Nb5
Qd8 28. Nxc7 Qxc7 29. Kg1 Nxb2 30. Qe4 c3 31. Rc1 Rd8 32. h4 Rd1+ 33. Rxd1 Nxd1
34. Qc2 Qd7 35. a4 Qxa4 36. Qxh7 Qd7 37. Qh8+ Kc7 38. Qe5+ Qd6 39. Qg7+ Nd7 40.
Be4 Qd2 41. Qf7 c2 42. Bxc2 Qxc2 43. h5 Qb1 44. Kg2 Qf5 45. Qe8 Qxf2+ 46. Kh3
Nxe3 47. Qxe6 Qg2+ 48. Kh4 Qh2+ 49. Qh3 Nf5+ 50. Kg4 Nf6+ 1-0